Science Quiz

Random Science Quiz

Reid's SPX AB Calculus Review Quiz Stats

Quiz not verified by Sporcle

Challenge
Share
Tweet
Embed
Score 0/18 Timer 14:00
0 Plays Today
hint answer % Correct
????
100%
????
45.5%
????
45.5%
????
45.5%
????
45.5%
????
45.5%
????
45.5%
????
36.4%
????
27.3%
hint answer % Correct
????
9.1%
????
0%
????
0%
????
0%
????
0%
????
0%
????
0%
????
0%
????
0%

You're not logged in!

Compare scores with friends on all Sporcle quizzes.
Join for Free
OR
Log In

You Might Also Like...

Show Comments

Extras

Created Dec 13, 2011ReportNominate
Tags:calc, calculus, problem, review, solution

Top Quizzes Today


Score Distribution

Your Account Isn't Verified!

In order to create a playlist on Sporcle, you need to verify the email address you used during registration. Go to your Sporcle Settings to finish the process.

Report this User

Report this user for behavior that violates our Community Guidelines.

Details: